00630nam a2200241 a 4500001001300000003000900013005001700022008004100039020001000080082001700090100001300107245003700120260002900157300000900186500003500195505001000230650001200240700001300252902000800265942000700273952009700280999001100377nice12345678IN_TiNIC20260116011252.0050524s1953 lona grp 000 0 eng  ac10000a231.044bWEL aWelch, C aTrinity in Contemporary Theology aLondonbScm Press c1953 a313p aincludes index and biblioraphy2 aIndex aTrinity1 aWelch, C bSRS cBK 00104070aHMIbHMId2007-06-15g100.00l0o231.044 WELp01356r2017-03-31w2026-01-16yEB c31d31